| 000 | 00395 a2200157 4500 | ||
|---|---|---|---|
| 999 |
_c10877 _d10877 |
||
| 003 | NUST | ||
| 038 | _aWASEEM | ||
| 082 |
_a297.55 _bSHO |
||
| 100 |
_aShorash Kashmiri _917258 |
||
| 245 |
_aShab jai ka man boodam _cShorash Kashmiri |
||
| 260 |
_aLahore _bR R printers _c2010 |
||
| 300 | _a212 p. | ||
| 650 |
_aUrdu fiction _9739 |
||
| 700 |
_aShorash Kashmiri _917258 |
||
| 942 |
_cBK _k910.4 SHO _2ddc |
||